English communication arts and skills through British, American and Philippine literature, 3rd year (Record no. 7699)

MARC details
000 -LEADER
fixed length control field 00683nam a22001937a 4500
003 - CONTROL NUMBER IDENTIFIER
control field OSt
005 - DATE AND TIME OF LATEST TRANSACTION
control field 20260305071033.0
008 - FIXED-LENGTH DATA ELEMENTS--GENERAL INFORMATION
fixed length control field 260122b |||||||| |||| 00| 0 eng d
020 ## - INTERNATIONAL STANDARD BOOK NUMBER
International Standard Book Number 971-06-1705-2
040 ## - CATALOGING SOURCE
Original cataloging agency DWCL-Main Lib
Transcribing agency OC
082 ## - DEWEY DECIMAL CLASSIFICATION NUMBER
Classification number Res. 808.8 S487 2001
Edition number 5th ed.
100 ## - MAIN ENTRY--PERSONAL NAME
Personal name Serrano, Josephine B.
Dates associated with a name Lapid, Milagros G.
245 ## - TITLE STATEMENT
Title English communication arts and skills through British, American and Philippine literature, 3rd year
260 ## - PUBLICATION, DISTRIBUTION, ETC.
Place of publication, distribution, etc. Quezon City :
Name of publisher, distributor, etc. Phoenix Pub.,
Date of publication, distribution, etc. c2001.
300 ## - PHYSICAL DESCRIPTION
Extent xiii , 442 p. :
Other physical details ill. ;
Dimensions 26 cm.
504 ## - BIBLIOGRAPHY, ETC. NOTE
Bibliography, etc. note Includes glossary and index.
650 ## - SUBJECT ADDED ENTRY--TOPICAL TERM
Topical term or geographic name entry element World literature - Collections.
942 ## - ADDED ENTRY ELEMENTS (KOHA)
Source of classification or shelving scheme Dewey Decimal Classification
Koha item type Book- Reserved
Edition 5th ed.
Suppress in OPAC No
Call number suffix Res.
952 ## - LOCATION AND ITEM INFORMATION (KOHA)
--
952 ## - LOCATION AND ITEM INFORMATION (KOHA)
--
952 ## - LOCATION AND ITEM INFORMATION (KOHA)
--
952 ## - LOCATION AND ITEM INFORMATION (KOHA)
--
952 ## - LOCATION AND ITEM INFORMATION (KOHA)
--
952 ## - LOCATION AND ITEM INFORMATION (KOHA)
--
Holdings
Withdrawn status Lost status Source of classification or shelving scheme Damaged status Not for loan Home library Current library Shelving location Date acquired Source of acquisition Total Checkouts Full call number Barcode Date last seen Copy number Price effective from Koha item type Uniform Resource Identifier
    Dewey Decimal Classification     Junior High School Library Junior High School Library Reserved 06/01/2011 Donation   Fil. 808.8 S487 JHS - 15843 01/22/2026 c5 01/22/2026 BK - FIL
    Dewey Decimal Classification     Junior High School Library Junior High School Library Reserved 06/01/2010 Donation   Fil. 808.8 S487 JHS - 15586 01/22/2026 c4 01/22/2026 BK - FIL
    Dewey Decimal Classification     Junior High School Library Junior High School Library Reserved 07/01/2009 Donation   Fil. 808.8 S487 JHS - 15315 01/22/2026 c3 01/22/2026 BK - FIL
    Dewey Decimal Classification     Junior High School Library Junior High School Library Reserved 07/01/2009 Donation   Fil. 808.8 S487 JHS - 15300 01/22/2026 c2 01/22/2026 BK - FIL
    Dewey Decimal Classification     Junior High School Library Junior High School Library Reserved 07/01/2009 Donation   Fil. 808.8 S487 JHS - 15087 01/22/2026 c1 01/22/2026 BK - FIL
    Dewey Decimal Classification     Junior High School Library Junior High School Library Reserved 03/05/2026 Donation   Fil. 808.8 S487 JHS - 15976 03/05/2026 c6 03/05/2026 BK - FIL